| 000 | 00574nam a2200217 i 4500 | ||
|---|---|---|---|
| 001 | bgj | ||
| 100 | 1 | _aROBERTSON, Ian. | |
| 245 | 1 | 0 |
_aSociology / _cIan Robertson. |
| 250 | _a2nd edition. | ||
| 260 |
_aNew York : _bWorth Publishers, Inc., _c1981. |
||
| 300 |
_aXIV, 680 pp : _bill. ; _c24 cm. |
||
| 504 | _aBibliography p. 636-664. | ||
| 505 | _aIncludes glossary and index. | ||
| 650 | 9 | _aSociology | |
| 020 | _a0879011343 (hbk) | ||
| 040 | _cBPK | ||
| 041 | 0 | _aeng | |
| 920 | _a0-87901-134-3 (hbk) | ||
| 942 | _cKS | ||
| 008 | s uk f |000 0 eng | ||
| 999 |
_c47207 _d47207 |
||
| 856 |
_uhttp://koha.tu.koszalin.pl/cgi-bin/koha/opac-detail.pl?biblionumber=47207 _yKatalog online BPK |
||